[Event "Tournoi Ouvert de Gatineau (C)"]
[Site "Gatineau"]
[Date "2015.03.??"]
[Round "1"]
[White "Ethier, Valori "]
[Black "Peters, Romy "]
[Result "0-1"]
[BlackElo "1592"]
[WhiteElo "1347"]

{ C02: French: Advance Variation } 1.e4 e6 2.d4 d5 3.e5 c5 4.c3 Nc6 5.Nf3 Qb6
6.Bd3 Bd7 7.dxc5 Bxc5 8.Qe2 Nge7 ( 8...a5 9.Nbd2 a4 10.b4 axb3 11.Nxb3 Na5
12.Nxc5 Qxc5 13.O-O Nc4 14.Bf4 Ne7 15.Rfb1 b5 16.h4 Ra3 17.Rb3 Ra4 18.Nd4 O-O
19.Bg5 Ng6 20.Nf3 h6 21.h5 Ngxe5 22.Nxe5 Nxe5 23.Be3
{ Weber,S (2200)-Borngaesser,R (2335)/Berlin-West 1984/MCD/0-1 } ) ( 8...f6
9.Bf4 g5 10.Bg3 g4 11.Nh4 Nxe5 12.Bxe5 fxe5 13.b4 Be7 14.Qxe5 Bxh4 15.Qh5+
Ke7 16.Qxh4+ Nf6 17.O-O d4 18.Re1 dxc3 19.Nxc3 Qd4 20.Ne4 Raf8 21.Rad1 Ba4
22.Bc2 Qxb4 23.Bxa4
{ Stasiowski,K-Gierulski,K (1560)/Chelm 2010/EXT 2011/1-0
(37) } ) 9.O-O $146 { Diagram # } ( 9.b4 Nxb4 ( 9...Bxb4 10.cxb4 Nxb4 11.Nc3
Rd8 12.a4 Nxd3+ 13.Qxd3 O-O 14.Ba3 Rfe8 15.Rb1 Qc7 16.Bd6 Qa5 17.Bb4 Qc7
18.O-O Ng6 19.Nd4 Qc8 20.Rfc1 Qa8 21.Ncb5 b6 22.Nc7 Qb7 23.a5
{ 1-0 Jesse,T 
(2113)-Franta,S/Guben 2003/EXT 2008 } ) 10.cxb4 Bxb4+ 11.Bd2 Bc5 ( 11...d4
12.Bxb4 Qxb4+ 13.Qd2 Qc5 14.O-O Bc6 15.Rc1 Qb6 16.Na3 Bxf3 17.Rab1 Qd8
18.gxf3 b6 19.Bb5+ Kf8 20.Bd3 Qd5 21.Be4 Qxe5 22.Bxa8 Qb8 23.Be4 f5 24.Qxd4
fxe4 25.Qxe4 Qd6 26.Qa8+
{ Raban,D (1608)-Ford,A (1232)/Lansing 2002/EXT 2007/
1-0 (31) } ) 12.O-O Ng6 13.Nc3 a6 14.Rab1 Qc7 15.Rfc1 Bc6 16.Bxg6 hxg6 17.Nd1
Ba3 18.Rc3 Be7 19.Nd4 Rh5 20.Nxc6 bxc6 21.Rbc1 c5 22.Be3 Qxe5 23.Qf3 Qxh2+
{ Adan Bonilla,C-Bente,B (2187)/playchess.com 2004/EXT 2005/0-1 (38) } ) ( 
9.b4 $142 Bxb4 10.cxb4 Nxb4 11.Nc3 $18 ) 9...Ng6 $11 10.Rd1 Qc7
{ Can e5 get
defended?[%cal Rc6e5,Rc7e5,Rg6e5,Ge2e5,Gf3e5] } 11.Bxg6 hxg6
{ Black has the
pair of bishops } 12.Na3 a6 { Consolidates b5 } 13.Nc2 Ne7 14.Be3 Rc8 15.Bxc5
Qxc5 16.Ncd4 Nf5 17.Rac1 Qc7 18.Rd2 Rh5 19.Nxf5 gxf5
{ Black has a new
doubled pawn: f7 } 20.Nd4 { The knight likes it on d4 } 20...Rh6 21.Qe3 Qd8
22.Qg3 { White threatens to win material: Qg3xg7 } 22...Rg6 23.Qh3 Qg5 24.Nf3
Qh6 25.Qxh6 Rxh6 26.Rd4 Ke7 27.Rh4 Rxh4 28.Nxh4 g5
{ Black threatens to win material:
g5xh4 } 29.Nf3 f6 30.Rd1 Bb5 31.Rd4 Be2 32.exf6+ Kxf6 33.Ne1 Bb5 34.f4 g4
{ Black gains space } 35.g3 { White has a new backward pawn: h2 } 35...Rc5
36.Nd3 Bxd3 37.Rxd3 { A rook endgame occured } 37...Rc4 38.Kf2 b5 39.Rd4 a5
40.Ke3 Ke7 41.Rd2 Kd6 42.Kd3 Rc8 43.a3 Rc7 44.Re2 Rc4 45.h4 gxh3 46.Rh2
{ White threatens to
win material: Rh2xh3 } 46...Re4 47.Rxh3 Re1 48.Kd2 ( 48.Rh8 $142 $5 $15
{ and White
can hope to live } ) 48...Rg1 $19 49.Kc2 a4 50.b4 Rg2+ ( 50...d4
{ makes it
even easier for Black } 51.Rh8 Rg2+ 52.Kd3 dxc3 53.Kxc3 Rxg3+ 54.Kd4 $19 )
51.Kb1 $2 ( 51.Kd3 $142 $19 ) 51...Re2 ( 51...d4 $142
{ and the rest is a
matter of technique } 52.cxd4 Kd5 $19 ) 52.g4 $15 fxg4
{ Black has a mate threat } 53.Rg3
{ White threatens to win material: Rg3xg4 } 53...Rf2
{ Black threatens to
win material: Rf2xf4 } 54.Rxg4 Re2 55.f5 $4 { throws away a nice position }
( 55.Rg8 $142 $11 { would be a reprieve } ) 55...exf5 $19 56.Rg6+ ( 56.Rg8 f4
57.Rf8 Rf2 $19 ) 56...Re6 ( 56...Ke5 $142 { and Black has prevailed } 57.Kc1
f4 $19 ) 57.Rg1 ( 57.Rg8 f4 58.Kc2 $19 ) 57...f4 58.Kc2 f3 ( 58...d4 59.Rd1
f3 60.Rxd4+ Ke5 $19 ) 59.Kd3 Rf6 60.Ke3 Ke5 61.Kf2 $4
{ causes even greater problems } ( 61.Rg5+ $142 Ke6 62.Rg1 d4+ 63.Kxd4 $17 )
61...Rf5 ( 61...Kf4 62.Rg7 Rh6 63.Rf7+ Ke4 64.Re7+ Kd3 $19 ) 62.Re1+ $11 Kf4
63.Rd1 $4 ( 63.Re3 $142 $11 { would bring relief } ) 63...Re5 $19 64.Rd4+ Re4
65.Rd3 ( 65.Rd2 { a last
effort to resist the inevitable } 65...Kg4 66.Rxd5 Re2+ 67.Kf1 $19 )
65...Re2+ 66.Kf1 Ra2 67.Rxd5 Rxa3 68.Rd2 Rxc3 ( 68...Kg3 69.Rd1 Rb3 70.Ra1 a3
71.Rc1 a2 72.Ke1 Rb2 73.Kf1 Rb1 74.Ke1 Kf4 75.Kd1 a1=Q 76.Rxb1 Qxb1+ 77.Kd2
Qb2+ 78.Kd3 Qe2+ 79.Kd4 Qc4# ) 69.Kf2 Rc4 70.Rd3 Rxb4 71.Rxf3+ Ke5 ( 
71...Ke4 72.Rg3 Rb3 73.Rg4+ Kd3 74.Rg3+ Kc2 75.Rg5 a3 76.Re5 a2 77.Re2+ Kb1
78.Re1+ Kb2 79.Re2+ Ka3 80.Re8 a1=Q 81.Ra8+ Kb2 82.Rxa1 Kxa1 83.Ke2 b4 84.Kf2
Ra3 85.Ke2 Rh3 86.Kf2 b3 87.Kg2 Rd3 88.Kh2 b2 89.Kg2 b1=Q 90.Kf2 Qc2+ 91.Ke1
Rd1# ) 72.Re3+ ( 72.Ke1 { does not save the day } 72...Rb3 73.Rf8 Rb2 74.Kd1
a3 75.Kc1 b4 76.Rf3 Kd4 77.Rf4+ Kd3 78.Rf3+ Kc4 79.Rg3 Re2 80.Rg4+ Kb3
81.Rg3+ Ka2 82.Kd1 Rh2 83.Rf3 b3 84.Rd3 b2 85.Rd2 Rxd2+ 86.Kxd2 Kb3 87.Ke1
b1=Q+ 88.Ke2 Qg6 89.Ke3 Qg4 90.Kf2 a2 91.Ke1 a1=Q+ 92.Kd2 Qc3# ) 72...Kd4
73.Rh3 ( 73.Ra3 { a fruitless try to alter the course of the game } 73...Rb3
74.Ra2 a3 75.Rd2+ Kc4 76.Rc2+ Rc3 77.Re2 Kb3 78.Re5 b4 79.Re1 Kb2 80.Kg2 a2
81.Re2+ Rc2 82.Kf3 Rxe2 83.Kxe2 Kc1 84.Kd3 a1=Q 85.Kc4 Qe5 86.Kxb4 Kd2 87.Kc4
Kc2 88.Kb4 Qd5 89.Ka4 Kc3 90.Ka3 Qb3# ) 73...Rc4 ( 73...Rb2+ 74.Ke1 b4
75.Rh4+ Kc3 76.Rh3+ Kc2 77.Rh7 Kb1 78.Kd1 a3 79.Rc7 b3 80.Rc3 Ka2 81.Rc6 Rg2
82.Rd6 b2 83.Rd2 Rxd2+ 84.Kxd2 Kb3 85.Ke1 a2 86.Kf2 b1=Q 87.Kg2 a1=Q 88.Kf2
Qc3 89.Kg2 Qbc2+ 90.Kf1 Qa1# ) 74.Rh4+ ( 74.Ke2 { is no salvation } 74...b4
75.Rd3+ Kc5 76.Rd8 a3 77.Rc8+ Kd4 78.Rd8+ Kc3 79.Ra8 Kb2 80.Kd3 Rc3+ 81.Kd4
a2 82.Kd5 a1=Q 83.Rxa1 Kxa1 84.Ke4 Rc8 85.Kf3 b3 86.Ke3 b2 87.Kf4 Re8 88.Kf5
b1=Q+ 89.Kf6 Qc2 90.Kg5 Rf8 91.Kg4 Qg6+ 92.Kh3 Rh8# ) 74...Kc3 75.Rh3+ Kb4 ( 
75...Kb2 76.Rh7 a3 77.Ke3 b4 78.Rh2+ Rc2 79.Rh1 a2 80.Rd1 a1=Q 81.Rxa1 Kxa1
82.Kd4 b3 83.Kd3 Rc8 84.Ke4 b2 85.Kd4 b1=Q 86.Ke5 Qb5+ 87.Kf4 Rc4+ 88.Ke3
Qb3+ 89.Kd2 Rc2+ 90.Kd1 Qb1# ) 76.Rh1 ( 76.Rh6 { doesn't
improve anything } 76...Kb3 77.Rh3+ Kb2 78.Rh5 b4 79.Ke3 a3 80.Rh2+ Rc2
81.Rh4 b3 82.Ra4 a2 83.Ra5 a1=Q 84.Rxa1 Kxa1 85.Kd3 Ra2 86.Kc4 b2 87.Kd4 b1=Q
88.Ke5 Re2+ 89.Kd5 Qd1+ 90.Kc4 Rc2+ 91.Kb3 Qb1+ 92.Ka3 Ra2# ) 76...a3 77.Rb1+
( 77.Rg1 { does not improve anything } 77...Rc2+ 78.Ke3 Kc3 79.Kf4 a2 80.Ra1
b4 81.Kf3 b3 82.Re1 b2 83.Re3+ Kc4 84.Re4+ Kd5 85.Re8 b1=Q 86.Rd8+ Ke6
87.Re8+ Kf7 88.Rd8 Qf1+ 89.Ke3 Qe1+ 90.Kf4 Rf2+ 91.Kg5 Qg1+ 92.Kh6 Rh2# )
77...Ka4 78.Ke3 b4 79.Kd3 ( 79.Rh1 { hardly improves anything } 79...b3
80.Kd3 Rc5 81.Rh4+ Ka5 82.Rh8 b2 83.Ra8+ Kb4 84.Rb8+ Rb5 85.Rxb5+ Kxb5 86.Kc2
Kb4 87.Kd2 a2 88.Ke3 b1=Q 89.Kf2 a1=Q 90.Ke3 Qe5+ 91.Kf2 Qc2+ 92.Kf1 Qa1# )
79...Rc8 ( 79...Rh4 80.Rg1 a2 81.Ke3 b3 82.Ra1 Kb4 83.Rd1 b2 84.Rd8 a1=Q
85.Rb8+ Kc3 86.Rc8+ Rc4 87.Rxc4+ Kxc4 88.Kf3 b1=Q 89.Kf2 Qc3 90.Kg2 Qbc2+
91.Kf1 Qa1# ) 80.Kd2 ( 80.Re1 { doesn't do any good } 80...a2 81.Kd2 Kb3
82.Ra1 Kb2 83.Rh1 a1=Q 84.Rxa1 Kxa1 85.Ke3 Re8+ 86.Kf4 b3 87.Kf5 b2 88.Kf6
b1=Q 89.Kf7 Re3 90.Kg7 Qf5 91.Kh8 Re7 92.Kg8 Qc8# ) 80...a2 81.Re1 ( 81.Rf1
{ does
not solve anything } 81...b3 82.Rf7 Rd8+ 83.Ke2 b2 84.Ra7+ Kb3 85.Rb7+ Kc3
86.Ke3 Rd4 87.Rb8 a1=Q 88.Rc8+ Rc4 89.Rxc4+ Kxc4 90.Kf3 b1=Q 91.Kf2 Qd4+
92.Kf3 Qf1+ 93.Kg3 Qdf4# ) 81...b3 82.Re4+ ( 82.Re7 { cannot change destiny }
82...Rd8+ 83.Ke2 b2 84.Re4+ Ka5 85.Re5+ Ka6 86.Re6+ Kb7 87.Rf6 b1=Q 88.Rf4
a1=Q 89.Rf7+ Kb6 90.Rb7+ Kxb7 91.Kf3 Qf5+ 92.Kg2 Rd2+ 93.Kg3 Qe1# ) 82...Ka3
( 82...Ka3 83.Re5 a1=Q 84.Ra5+ Kb2 85.Rxa1 Kxa1 86.Ke3 b2 87.Ke4 b1=Q+ 88.Kd5
Qf5+ 89.Kd4 Kb2 90.Ke3 Kc3 91.Ke2 Re8+ 92.Kd1 Qc2# ) ( 82...Kb5 83.Re5+ Rc5
84.Re8 a1=Q 85.Kd3 Rd5+ 86.Ke4 Qd4+ 87.Kf3 Rf5+ 88.Kg3 Qf2+ 89.Kh3 Rf3+
90.Kg4 Rg3+ 91.Kh5 Qh2# ) 0-1

[Event "Tournoi Ouvert de Gatineau (C)"]
[Site "Gatineau"]
[Date "2015.03.??"]
[Round "1"]
[White "St-Paul, Pierre "]
[Black "Dupont-Mageau, Nicolas "]
[Result "1-0"]
[BlackElo "1267"]
[WhiteElo "1577"]

1.d4 Nf6 2.c4 e6 3.Nc3 Bb4 4.Qc2 h6 5.a3 Bxc3+ 6.Qxc3 d5 7.e3 O-O 8.Bd3 Nc6
9.Nf3 Re8 10.Ne5 Bd7 11.O-O a6 12.Qc2 dxc4 13.Bxc4 b5 14.Ba2 Nxe5 15.dxe5 Nd5
16.Bb1 g6 17.e4 Nb6 18.Bxh6 Rc8 19.g3 c5 20.Qe2 Bc6 21.Rd1 Qc7 22.Bf4 Rcd8
23.Bc2 g5 24.Qg4 Rxd1+ 25.Rxd1 Qb7 26.Qxg5+ Kf8 27.Qf6 Rc8 28.Qh6+ Ke7
29.Bg5+ f6 30.Bxf6+ Kf7 31.Qg7+ Ke8 32.Qg8# 1-0

[Event "Tournoi Ouvert de Gatineau (C)"]
[Site "Gatineau"]
[Date "2015.03.??"]
[Round "1"]
[White "Masse-Garneau, Anthony "]
[Black "Lemieux, Serge "]
[Result "0-1"]
[BlackElo "1545"]
[WhiteElo "1115"]

1.d4 e6 2.Nc3 d5 3.e4 Nf6 4.Bg5 Be7 5.e5 Nfd7 6.Bxe7 Qxe7 7.Nf3 a6 8.a3 c5
9.dxc5 Nxc5 10.b4 Ncd7 11.g3 Nc6 12.Qe2 b5 13.Bg2 Bb7 14.O-O Rc8 15.Qe3 O-O
16.Rfe1 Rc7 17.Rad1 Rfc8 18.Rd3 d4 19.Nxd4 Ncxe5 20.Bxb7 Rxb7 21.Rd2 Nc4
22.Qe4 Nf6 23.Nd5 Nxe4 24.Nxe7+ Rxe7 25.Nc6 Ree8 26.Rd8 Rcxd8 27.Nxd8 Ned2
28.Rd1 Rxd8 29.f4 Nf3+ 0-1

[Event "Tournoi Ouvert de Gatineau (C)"]
[Site "Gatineau"]
[Date "2015.03.??"]
[Round "1"]
[White "Mohit, Surdasji "]
[Black "Legare, Gilles "]
[Result "1-0"]
[BlackElo "1103"]
[WhiteElo "1536"]

1.e4 c5 2.Nf3 Nc6 3.c3 e6 4.d4 cxd4 5.cxd4 b6 6.a3 a5 7.Bd3 Be7 8.Nc3 Bb7
9.Bf4 d6 10.d5 e5 11.dxc6 Bc8 12.Bb5 Nf6 13.c7+ Bd7 14.cxd8=Q+ Rxd8 15.Be3
O-O 16.h3 Be6 17.Ng5 Bd7 18.Bxd7 Nxd7 19.Nd5 Bf6 20.Qg4 Nc5 21.Nxf6+ gxf6
22.Ne6+ 1-0

[Event "Tournoi Ouvert de Gatineau (C)"]
[Site "Gatineau"]
[Date "2015.03.??"]
[Round "1"]
[White "Verreault, Eric "]
[Black "Poirier, Alexis "]
[Result "0-1"]
[BlackElo "1536"]
[WhiteElo "1094"]

1.e4 c5 2.Nf3 Nc6 3.a3 d6 4.Bc4 e6 5.c3 Nf6 6.Qe2 Qc7 7.d4 Be7 8.O-O O-O
9.Re1 d5 10.e5 Nd7 11.Bd3 a5 12.Nbd2 c4 13.Bc2 b5 14.Nf1 Rb8 15.Ng3 b4
16.Bxh7+ Kxh7 17.Ng5+ Bxg5 18.Qh5+ Bh6 19.Bxh6 gxh6 20.Qg4 Qd8 21.Nh5 Qg5
22.Qf3 Qf5 23.Qd1 Rg8 24.Re3 Qg4 25.Rf3 Qxg2# 0-1

[Event "Tournoi Ouvert de Gatineau (C)"]
[Site "Gatineau"]
[Date "2015.03.??"]
[Round "1"]
[White "Menard, Marc "]
[Black "Ketata, Nabil "]
[Result "1-0"]
[BlackElo "1030"]
[WhiteElo "1467"]

1.e4 c5 2.Nf3 Nc6 3.d4 cxd4 4.Nxd4 Nxd4 5.Qxd4 Qb6 6.c3 Qxd4 7.cxd4 e6 8.Bb5
Bb4+ 9.Bd2 Bxd2+ 10.Nxd2 a6 11.Ba4 b5 12.Bb3 Ne7 13.O-O O-O 14.Rac1 Nc6
15.Nf3 h6 16.Rfd1 Na5 17.d5 Nxb3 18.axb3 d6 19.Rc6 Rd8 20.b4 e5 21.h3 f5
22.Nd2 fxe4 23.Nxe4 Bb7 24.Rxd6 a5 25.bxa5 Rdc8 26.Rb6 Rc4 27.Nd6 Rc7 28.Rxb7
Rxb7 29.Nxb7 Kf7 30.d6 Ra7 31.Nc5 Ke8 32.d7+ Kd8 33.Ne6+ Ke7 34.d8=Q+ Kxe6
35.Qb6+ Kf5 36.Qxa7 e4 37.Rd5+ Ke6 38.Qd7+ Kf6 39.Rf5+ Kg6 40.Qf7+ Kh7 41.g4
b4 42.g5 hxg5 43.Rxg5 b3 44.Qxg7# 1-0

[Event "Tournoi Ouvert de Gatineau (C)"]
[Site "Gatineau"]
[Date "2015.03.??"]
[Round "1"]
[White "Carroll, Billy "]
[Black "Verreault, Gabriel "]
[Result "1-0"]
[BlackElo "1217"]
[WhiteElo "1375"]

1.e4 e5 2.Nf3 Nc6 3.Bc4 a6 4.d4 d6 5.Ng5 Be6 6.Bxe6 fxe6 7.Nxe6 Qd7 8.d5 Nd4
9.Nxd4 exd4 10.Qxd4 c5 11.dxc6 bxc6 12.O-O c5 13.Qd5 Qd8 14.Re1 Nf6 15.Qc6+
Nd7 16.e5 Rc8 17.exd6+ Kf7 18.Qd5+ Kf6 19.Bg5+ Kg6 20.Bxd8 Rxd8 21.g4 Nf6
22.Re6 Kf7 23.Rxf6+ Kxf6 24.Qf5# 1-0

[Event "Tournoi Ouvert de Gatineau (C)"]
[Site "Gatineau"]
[Date "2015.03.??"]
[Round "2"]
[White "Peters, Romy "]
[Black "Menard, Marc "]
[Result "0-1"]
[BlackElo "1467"]
[WhiteElo "1592"]

1.d4 Nf6 2.Nf3 d5 3.e3 g6 4.Nbd2 Bg7 5.b3 O-O 6.Bb2 Nc6 7.c4 e6 8.Be2 a6
9.O-O Rb8 10.Ne5 Nxe5 11.dxe5 Nd7 12.f4 b5 13.cxd5 exd5 14.Rc1 c5 15.Bg4 f5
16.exf6 Nxf6 17.Bxf6 Bxf6 18.Rxc5 Qb6 19.Rxc8 Qxe3+ 20.Kh1 Rbxc8 21.Bxc8 Rxc8
22.Rf3 Qd4 23.Qe1 Kf7 24.g3 Rc2 25.Nf1 Rxa2 26.Re3 Ra1 27.Qe2 Rxf1+ 28.Kg2
Rb1 29.Kh3 Rb2 30.Qf3 Qd2 31.Re2 Qxe2 32.Qh1 Qh5# 0-1

[Event "Tournoi Ouvert de Gatineau (C)"]
[Site "Gatineau"]
[Date "2015.03.??"]
[Round "2"]
[White "Poirier, Alexis "]
[Black "St-Paul, Pierre "]
[Result "1/2-1/2"]
[BlackElo "1577"]
[WhiteElo "1536"]

1.e4 e5 2.Nf3 Nc6 3.Bb5 a6 4.Ba4 Nf6 5.O-O Be7 6.Re1 b5 7.Bb3 d6 8.c3 Na5
9.Bc2 O-O 10.d3 c5 11.Nbd2 Qc7 12.Nf1 Re8 13.Ng3 b4 14.d4 bxc3 15.bxc3 Rb8
16.h3 Bd7 17.Nf5 Bxf5 18.exf5 cxd4 19.cxd4 exd4 20.Ba4 Rec8 21.Qxd4 d5 22.Bd2
Nc4 23.Ne5 Nxd2 24.Nc6 Bd6 25.Nxb8 Qxb8 26.Qxd2 Bb4 27.Qb2 Bxe1 28.Qxb8 Bxf2+
29.Kxf2 Rxb8 30.Kg3 d4 31.Rc1 Rd8 32.Rd1 g6 33.Kf4 gxf5 34.Kxf5 Kg7 35.g4
Rd5+ 36.Kf4 h6 37.Bb3 Rd8 38.Bc4 a5 39.Rd3 Nd5+ 40.Ke5 f6+ 41.Kf5 Nc3 42.Ke6
Re8+ 43.Kd7 Re3 44.Rxd4 Rxh3 45.Kc6 Rh2 46.a3 Nb1 47.Rd3 Kg6 48.Kb5 h5
49.gxh5+ Rxh5+ 50.Ka4 Re5 51.Ba2 Nxa3 52.Rxa3 f5 53.Bb1 Kf6 54.Rf3 Kg5
55.Rxf5+ Rxf5 56.Bxf5 1/2-1/2

[Event "Tournoi Ouvert de Gatineau (C)"]
[Site "Gatineau"]
[Date "2015.03.??"]
[Round "2"]
[White "Lemieux, Serge "]
[Black "Sabourin, Yves "]
[Result "1-0"]
[BlackElo "1447"]
[WhiteElo "1545"]

1.d4 Nf6 2.Bg5 Ne4 3.Bf4 d5 4.f3 Nf6 5.Nc3 b6 6.e4 Bb7 7.e5 Nfd7 8.Be3 e6
9.f4 c5 10.Nf3 Nc6 11.Be2 Be7 12.O-O O-O 13.a3 Rc8 14.g4 cxd4 15.Nxd4 Bc5
16.Rf3 Nxd4 17.Bxd4 Bxd4+ 18.Qxd4 a6 19.Rh3 f6 20.Bd3 g6 21.Ne2 fxe5 22.fxe5
Qg5 23.Re3 Nc5 24.b4 Nxd3 25.cxd3 Rc6 26.h3 Qh4 27.Rf1 Qg5 28.Rxf8+ Kxf8
29.Rf3+ Ke8 30.Qf2 Qe7 31.Rf6 Rc2 32.Qxb6 Rxe2 33.Rxe6 Rxe5 34.Rxe7+ Rxe7
35.d4 Kf7 36.Kf2 Bc8 37.Qd6 Bb7 38.a4 Re4 39.Qc7+ Re7 40.Qf4+ Kg7 41.Kg3 Rf7
42.Qe5+ Kg8 43.h4 Kf8 44.h5 gxh5 45.Qxh5 Ke7 46.g5 Kf8 47.Qh6+ Kg8 48.Qd6 Kh8
49.Kg4 Kg7 50.Kh5 Rf1 51.Qe7+ Rf7 52.Qe5+ Kg8 53.g6 hxg6+ 54.Kxg6 1-0

[Event "Tournoi Ouvert de Gatineau (C)"]
[Site "Gatineau"]
[Date "2015.03.??"]
[Round "2"]
[White "Latreille, Etienne "]
[Black "Mohit, Surdasji "]
[Result "1-0"]
[BlackElo "1536"]
[WhiteElo "1365"]

1.d4 Nf6 2.c4 e6 3.e3 b6 4.Nc3 Bb7 5.Nf3 Be7 6.Bd3 c5 7.e4 cxd4 8.Nxd4 Bc5
9.Be3 d6 10.Nc2 Nbd7 11.Qe2 Rc8 12.b4 Bxe3 13.Nxe3 O-O 14.Nb5 Bxe4 15.Nxd6
Bxd3 16.Qxd3 Ne5 17.Qd4 Nfg4 18.Rd1 Nxe3 19.Qxe3 Rxc4 20.Nxc4 Nxc4 21.Rxd8
Nxe3 22.Rxf8+ Kxf8 23.fxe3 g5 24.Ke2 Kg7 25.g4 Kg6 26.h4 h6 27.hxg5 Kxg5
28.Kf3 f5 29.Rh5+ Kg6 30.e4 a5 31.bxa5 bxa5 32.exf5+ exf5 33.Rxf5 a4 34.Ra5
a3 35.Rxa3 h5 36.gxh5+ Kxh5 37.Ra4 1-0

[Event "Tournoi Ouvert de Gatineau (C)"]
[Site "Gatineau"]
[Date "2015.03.??"]
[Round "2"]
[White "Simard, Pauli "]
[Black "Ethier, Valori "]
[Result "1-0"]
[BlackElo "1347"]
[WhiteElo "1137"]

{ A03: Bird's Opening with 1...d5 } 1.f4 d5 2.e3 Nf6 3.Nf3 Bg4 4.b3 c5 ( 
4...Nc6 5.Bb5 Qd7 6.Bb2 Bxf3 7.Qxf3 a6 8.Bxc6 Qxc6 9.c4 O-O-O 10.Nc3 e6
11.Rc1 Qd7 12.d4 Bb4 13.O-O Bxc3 14.Bxc3 Rde8 15.Ba5 c6 16.Rc2 Ne4 17.Rfc1 f5
18.Qe2 Kb8 19.Qe1
{ Weston,R (2195)-Rutherford,W (2190)/Grangemouth 2000/
EXT 2003/0-1 (36) } ) 5.Bb2 $146 { Diagram # } ( 5.Bb5+ Nbd7 6.Bb2 a6 7.Bxd7+
Nxd7 8.O-O ( 8.d3 e6 9.Nbd2 b5 10.h3 Bxf3 11.Nxf3 Qb6 12.Qe2 c4 13.O-O Rc8
14.Bd4 Bc5 15.Bxc5 Rxc5 16.Rfd1 O-O 17.bxc4 bxc4 18.Rab1 Qc7 19.d4 Ra5 20.c3
Nf6 21.Qc2 Ra3 22.Rb4 Qa5
{ Santamaria Bonet,M (1788)-Coll Ortega,
C (1869)/Vila Seca 2010/CBM 135 Extra/1/2-1/2 (47) } ) 8...e6 9.d3 Nf6
10.Nbd2 Be7 11.Qe1 O-O 12.h3 Bxf3 13.Nxf3 Nd7 14.g4 Bf6 15.Bxf6 Qxf6 16.g5
Qf5 17.Qg3 f6 18.Nh4 { 1-0 Malthan,F-Englund,F/Hannover 1902/EXT 2008 } ) ( 
5.d4 Nc6 6.Be2 g6 7.O-O Bg7 8.Bb2 cxd4 9.exd4 O-O 10.Ne5 Bxe2 11.Qxe2 Qb6
12.Nxc6 bxc6 13.Nd2 Rfe8 14.c3 c5 15.Nf3 Ne4 16.Kh1 a5 17.Ne5 cxd4 18.cxd4 f6
19.Nf3 a4 { Cummins,P (1633)-Carrier,C (1589)/Quebec 2003/EXT 2006/0-1 (35) }
) 5...a6 { Covers b5 } 6.Bd3 e6 { Consolidates f5 } 7.O-O Nbd7 8.h3 Bxf3
9.Qxf3 { White has the pair of bishops } ( { Instead of } 9.gxf3 Bd6 $15 )
9...Be7 10.Nc3 O-O 11.Ne2 Qb6 12.c4 Rfe8 13.Ng3 Rf8 14.cxd5 exd5 ( 14...Nxd5
$142 { and
Black can hope to live } 15.Ne4 f5 $14 ) 15.Nf5 $18 Rfe8 16.Qg3 g6 17.Nxe7+
Rxe7 18.Qg5 Rae8 19.f5 c4 $4
{ the position was bad, and this mistake simply
hastens the end } ( 19...d4 20.exd4 cxd4 21.Qh4 $16 ) 20.Bxf6 ( 20.fxg6 $142
{ and White takes home the point } 20...hxg6 21.Bxg6 fxg6 22.Bxf6 $18 )
20...Qxf6 $16 21.Qxf6 Nxf6 22.bxc4 dxc4 23.Bxc4 b5 $2 ( 23...Ne4 24.fxg6 hxg6
25.d3 $14 ) 24.Bb3 ( 24.fxg6 bxc4 25.Rxf6 hxg6 $16 ) 24...Kg7 25.g4 ( 
25.Rac1 $142 $16 ) 25...Rd8 $4 { gives the opponent new chances } ( 25...Rd7
$142 $11 { was possible } ) 26.g5 $18 Ne4 ( 26...Rxd2
{ a last effort to resist the inevitable } 27.gxf6+ Kxf6 28.fxg6+ Kxg6 $18 )
27.f6+ Kf8 28.fxe7+ Kxe7 29.Rxf7+ Kd6 30.h4 Rc8 ( 30...a5
{ doesn't get the cat off the tree } 31.Rxh7 Nxd2 32.Bc2 $18 ) 31.Rxh7 Rf8
32.Rf1 Rxf1+ 33.Kxf1 Nxd2+ 34.Ke2 Ne4 35.Ra7 Nc5 36.Bf7 1-0

[Event "Tournoi Ouvert de Gatineau (C)"]
[Site "Gatineau"]
[Date "2015.03.07"]
[Round "2"]
[White "Dupont-Mageau, Nicolas"]
[Black "Gangolli, Rahul"]
[Result "1-0"]
[BlackElo "973"]
[WhiteElo "1267"]

1.e4 c5 2.Nf3 d6 3.d4 cxd4 4.Nxd4 Nf6 5.Nc3 a6 6.Bg5 e6 7.Bc4 Be7 8.Qf3 Nc6
9.Nxc6 bxc6 10.Rd1 O-O 11.e5 Ne8 12.Bxe7 Qxe7 13.exd6 Nxd6 14.Qxc6 Nxc4
15.Qxa8 Bb7 16.Qa7 Ra8 17.Qd4 Rc8 18.b3 Na3 19.Rd2 Bxg2 20.Rg1 e5 21.Qg4 Rxc3
22.Qxg2 g6 23.Qa8+ Kg7 24.Qxa6 Qb4 25.Qa4 Qc5 26.b4 Re3+ 27.fxe3 Qxe3+ 28.Kf1
Qxd2 29.Qxa3 Qd1+ 30.Kf2 Qxc2+ 31.Kg3 Qd2 32.Rf1 h5 33.Qf3 Qf4+ 34.Kf2 Qd2+
35.Qe2 Qf4+ 36.Kg2 Qxb4 37.Qxe5+ Kh6 38.Qf4+ Qxf4 39.Rxf4 f5 40.a4 1-0

[Event "Tournoi Ouvert de Gatineau (C)"]
[Site "Gatineau"]
[Date "2015.03.??"]
[Round "2"]
[White "Sabourin, Sebastien"]
[Black "Traversy, Pierre"]
[Result "1-0"]
[BlackElo "1224"]
[WhiteElo "1353"]

1.e4 c5 2.Nf3 Nc6 3.Nc3 d6 4.d4 cxd4 5.Nxd4 e5 6.Nf3 Nf6 7.Bc4 h6 8.a3 Bg4
9.h3 Bh5 10.Be3 Be7 11.Qd2 O-O 12.O-O-O Bg6 13.Bd3 a6 14.g4 Nh7 15.h4 Nf6
16.h5 Nxg4 17.hxg6 b5 18.gxf7+ Rxf7 19.Be2 Nxe3 20.Qxe3 Rb8 21.Nd5 Bf8
22.Rdg1 Na5 23.Qxh6 Nb3+ 24.cxb3 Rc8+ 25.Kd1 Rb7 26.Qh8+ Kf7 27.Qh5+ Kg8
1-0

[Event "Tournoi Ouvert de Gatineau (C)"]
[Site "Gatineau"]
[Date "2015.03.??"]
[Round "3"]
[White "Menard, Marc "]
[Black "Lemieux, Serge "]
[Result "0-1"]
[BlackElo "1545"]
[WhiteElo "1467"]

1.e4 e6 2.d4 d5 3.Nc3 Nf6 4.e5 Nfd7 5.f4 c5 6.Nge2 Nc6 7.g3 a6 8.a4 Be7 9.Bg2
Qb6 10.dxc5 Bxc5 11.Rf1 Na5 12.b3 O-O 13.Ba3 Bxa3 14.Rxa3 Qb4 15.Ra2 Rd8
16.Qd2 Nc6 17.h4 Nc5 18.h5 Bd7 19.h6 g6 20.Nd1 Rac8 21.Ne3 Be8 22.Ng4 Qxd2+
23.Kxd2 Ne4+ 24.Kc1 Nb4 25.Bxe4 dxe4 26.Nf6+ Kh8 27.Rb2 Nd3+ 28.Kb1 Nxb2
29.Kxb2 Rd2 30.Nc3 Bc6 31.Rd1 Rcd8 32.Rxd2 Rxd2 33.Ncxe4 Bxe4 34.Nxe4 Rd7
35.Nd6 f6 36.c4 fxe5 37.fxe5 Kg8 38.b4 Kf8 39.c5 Ke7 40.b5 axb5 41.axb5 Kd8
42.c6 bxc6 43.b6 g5 44.b7 Kc7 45.Kb3 Rxd6 46.exd6+ Kxb7 47.Kc4 Kc8 48.Kd4 Kd7
49.Kc5 g4 0-1